| 000 | 00334cam a22000977a 4500 | ||
|---|---|---|---|
| 008 | 180718b1961 xxu||||| |||| 00| 0 eng d | ||
| 082 | _aA45:K12 1960-61m | ||
| 245 |
_aMemorandum on eleventh report of the Union Public Service Commission _cby Ministry of Home Affairs |
||
| 260 |
_aNew Delhi _bMinistry of Home Affairs _c1961 |
||
| 300 | _a8p. | ||
| 999 |
_c503542 _d503542 |
||